| 000 | 01762cam a22004814i 4500 | ||
|---|---|---|---|
| 003 | PE-LiUPU | ||
| 005 | 20250731173026.0 | ||
| 008 | 150623s r 000 0 d | ||
| 020 | _a1563381052 | ||
| 035 | _a(Sirsi) i9781563381058 | ||
| 040 |
_aPE-LiUPU _bspa _cPE-LiUPU _erda |
||
| 049 | _aPRUA | ||
| 082 | 0 | 4 |
_a296.14 _bN47I _221 |
| 100 | 1 |
_aNeusner, Jacob, _eautor. |
|
| 245 | 1 | 0 |
_aIsrael after calamity : _bthe book of lamentations / _cJacob Neusner. |
| 264 | 1 |
_aValley Forge, Pennsylvania : _bTrinity Press International, _c1995. |
|
| 300 |
_a117 páginas ; _c21 centímetros |
||
| 336 |
_atext _2rdacontent |
||
| 337 |
_aunmediated _2rdamedia |
||
| 338 |
_avolume _2rdacarrier |
||
| 490 | 0 | _aThe Bible of Judaism Library | |
| 504 | _aIncluye bibliografía. | ||
| 505 | 0 | _aIsrael in time and eternity the message of lamentations rabbah. -Petihta one. -Petihta twenty-three. -Petihta twenty-four. -Parashah I. -Parashah II. -Parashah III. -Israel and history from events to rules. | |
| 526 | _aSEG42 | ||
| 526 | _aSEG41 | ||
| 526 | _aSEG40 | ||
| 526 | _aSEG39 | ||
| 526 | _aP94 | ||
| 526 | _aP87 | ||
| 526 | _aP86 | ||
| 526 | _aP85 | ||
| 526 | _aP77 | ||
| 526 | _aP76 | ||
| 526 | _aP35 | ||
| 630 |
_aBiblia. _pA.T. _pLamentaciones _xComentarios. |
||
| 650 | 0 | 4 |
_aMidrash Rabá. Lamentaciones _xComentarios. |
| 942 |
_2ddc _cBOOK |
||
| 949 |
_a296.14 N47I _wDEWEY _c1 _i48006 _lCCODEBUL1 _mBUL _r0 _sY _tBOOK _u2015-6-24 _xTEOLOGIA _PP35 _0COMPRA _o.STAFF. Colección General |
||
| 994 |
_aC0 _bPEPRU |
||
| 596 | _a1 | ||
| 999 |
_a296.14 N47I _wDEWEY _c24478 _i48006 _f2021-11-11 _g5 _lCCODEBUL1 _mBUL _r0 _sY _tBOOK _u2015-6-24 _xTEOLOGIA _PP35 _0COMPRA _o.STAFF. Colección General _d24478 |
||
| 980 |
_81 _gALBERTO SANCHEZ Responsable de Automatización |
||